000 00302nam a2200121 a 4500
005 20140414131903.0
008 100921s19uu xx 00 eng d
050 _aFIC
_bJ71 1998
100 _aJones, Rebecca
245 _aGermy blew it.
260 _aNew York :
_bE.P. Dutton,
_c1987.
999 _c110760
_d110760